| 000 | 01099cab a22002175a 4500 | ||
|---|---|---|---|
| 001 | L137678 | ||
| 008 | 070424s2007 xxk f g 000 0 eng d | ||
| 035 | _a(Sirsi) u137678 | ||
| 041 | 0 | _aeng | |
| 100 | 1 | _aRenard, Vincent | |
| 245 | 0 | 0 |
_aProperty rights and the 'transfer of development rights' _bquestions of efficiency and equity |
| 260 | _c2007 | ||
| 490 |
_aTown Planning Review _v78(1) 2007, 41-60(70) |
||
| 520 | _aDescribes how the system of transferable development rights (TDR) operates in the USA and in France. These experimental schemes are analysed, and conclusions are drawn regarding their effectiveness. Considers the conditions required for them to operate, given the great difference in development law between different countries. The relationship between property law, urban development regulations and tradable permits is seen as key to these conditions. | ||
| 590 | _aKA | ||
| 650 | 2 | 4 | _aTRADABLE DEVELOPMENT RIGHTS |
| 650 | 2 | 4 | _aPROTOCOL TO THE EUROPEAN CONVENTION ON HUMAN RIGHTS |
| 651 | 4 | _aInternational | |
| 690 |
_aPlanning and development _96259 |
||
| 942 | _n0 | ||
| 999 |
_c78687 _d78687 |
||